Expert systems for the construction and building services industry (Record no. 92706)

MARC details
000 -LEADER
fixed length control field 00599cam a2200229 4500
008 - FIXED-LENGTH DATA ELEMENTS--GENERAL INFORMATION
fixed length control field 970304 1986
020 ## - INTERNATIONAL STANDARD BOOK NUMBER
International Standard Book Number 0860221180
035 ## - SYSTEM CONTROL NUMBER
System control number (Sirsi) u50407
041 0# - LANGUAGE CODE
Language code of text/sound track or separate title eng
050 04 - LIBRARY OF CONGRESS CALL NUMBER
Classification number 690.0285 $2 18
100 1# - MAIN ENTRY--PERSONAL NAME
Personal name Hamilton, Gavin
245 00 - TITLE STATEMENT
Title Expert systems for the construction and building services industry
260 ## - PUBLICATION, DISTRIBUTION, ETC.
Place of publication, distribution, etc. Bracknell
Name of publisher, distributor, etc. BSRIA
Date of publication, distribution, etc. 1986
300 ## - PHYSICAL DESCRIPTION
Extent 52p.
Other physical details ill.
Dimensions 30cm.
350 ## - PRICE (NR) (BK AM CF MU VM SE) [OBSOLETE]
Price 15
490 ## - SERIES STATEMENT
Series statement Technical Note
Volume/sequential designation 7/86 TN
650 ## - SUBJECT ADDED ENTRY--TOPICAL TERM
Topical term or geographic name entry element BUILDING INDUSTRY
650 ## - SUBJECT ADDED ENTRY--TOPICAL TERM
Topical term or geographic name entry element RESEARCH
700 ## - ADDED ENTRY--PERSONAL NAME
Personal name Harrison, Anne
942 ## - ADDED ENTRY ELEMENTS (KOHA)
Suppress in OPAC 0
948 ## - LOCAL PROCESSING INFORMATION (OCLC); SERIES PART DESIGNATOR (RLIN)
c (OCLC) 04/03/1997
Holdings
Withdrawn status Lost status Source of classification or shelving scheme Damaged status Not for loan Home library Current library Shelving location Date acquired Cost, normal purchase price Total Checkouts Full call number Barcode Date last seen Copy number Cost, replacement price Price effective from Koha item type
    Dewey Decimal Classification     London London Basement 19/08/1991 15.00   SHELF 317 30017919 06/08/2019 1 15.00 06/08/2019 Book